Disney . Lettre F - Statistiques

Statistiques générales
  • Ce quiz a été pris 319 fois
  • Le résultat moyen est 11 sur 20
Statistiques - réponses
Question Réponse % Correct
Pays ou se déroule l'action de Cendrillon, Ratatouille ou encore les Aristochats France
93%
Espèce animal représenté par Bambi Faon
88%
Lieu où vit Bambu Forêt
86%
Ce avec quoi Ariel se brosse les cheveux, c'est aussi un personnage phare de Toy Story 4 Fourchette
82%
Signification du mot ohana qui tient à coeur à Lilo et Stitch Famille
79%
Parresseux guichetier dans Zootopie qui est à l'inverse de son prénom Flash
72%
Enfant de la famille Parr qui va très très vite Flèche
68%
Grand méchant du Bossu de Notre Dame Frollo
62%
Docteur expert en Vaudou à la Nouvelle-Orléans Facilier
59%
Grand mère de Pocahontas Feuillage
57%
Ce que poursuit Mérida dans la fôret et qui la conduise chez la vieille sorcière Feu follet
49%
Trouvez le mot manquant dans cette chanson dans Raiponce : " Après midi c'est puzzle, ............ et cookies Fléchettes
48%
Geek excentrique passionné de super héros dans les ' Nouveaux Héros " Fred
42%
Super-héros ami de la famille Parr capable de contrôler la glace Frozone
42%
Nom du petit colibri ami de Pocahontas Flit
41%
Personnage qui répare derrière Ralph la Casse Felix
40%
Arme de prédilection d'Amos Slade Fusil
40%
Métier du chien Corniaud dans Robin des Bois Forgeron
24%
Nom de famille de Carl, vieux monsieur dans " Là-Haut " Fredricksen
23%
Espèce animale de Tilt Fourmo
2%
Aucun quiz correspondant
Distribution des résultats
% des personnes avec chaque résultat
Percentile par nombre de réponses
Votre historique - résultats
Vous n’avez pas pris ce quiz